<?xml version="1.0" encoding="UTF-8"?>
<record
    xmlns:xsi="http://www.w3.org/2001/XMLSchema-instance"
    xsi:schemaLocation="http://www.loc.gov/MARC21/slim http://www.loc.gov/standards/marcxml/schema/MARC21slim.xsd"
    xmlns="http://www.loc.gov/MARC21/slim">

  <leader>01424nam a22002417a 4500</leader>
  <controlfield tag="003">OSt</controlfield>
  <controlfield tag="005">20180116192409.0</controlfield>
  <controlfield tag="008">120713t    2007xxu||||| |||| 00| 0 eng d</controlfield>
  <datafield tag="020" ind1=" " ind2=" ">
    <subfield code="a">1856694828</subfield>
  </datafield>
  <datafield tag="020" ind1=" " ind2=" ">
    <subfield code="a">9781856694827</subfield>
  </datafield>
  <datafield tag="040" ind1=" " ind2=" ">
    <subfield code="c">0</subfield>
  </datafield>
  <datafield tag="082" ind1=" " ind2=" ">
    <subfield code="a">728.370222</subfield>
  </datafield>
  <datafield tag="100" ind1=" " ind2=" ">
    <subfield code="a">McLeod, Virginia.</subfield>
    <subfield code="9">5611</subfield>
  </datafield>
  <datafield tag="245" ind1="1" ind2="0">
    <subfield code="a">Detail in contemporary residential architecture :</subfield>
    <subfield code="c">Virginia McLeod.</subfield>
  </datafield>
  <datafield tag="260" ind1=" " ind2=" ">
    <subfield code="a">London :</subfield>
    <subfield code="b">Laurence King Publishers, </subfield>
    <subfield code="c"> 2007.</subfield>
  </datafield>
  <datafield tag="300" ind1=" " ind2=" ">
    <subfield code="a"> 240 p. :</subfield>
    <subfield code="b">ill ;</subfield>
    <subfield code="c">30 cm.</subfield>
  </datafield>
  <datafield tag="520" ind1=" " ind2=" ">
    <subfield code="a"> Architectural detailing makes a building unique and an architect outstanding. This book provides analysis of both the technical and the aesthetic importance of details in the development of contemporary domestic architecture from 2000 to 2005. Featuring many of the world's most highlyacclaimed architects, the book presents over 50 of the most recently completed and influential house designs. For each house there are color photographs, plans of every floor, sections and elevations, and numerous construction details. The book also features in-depth information for each project, including the size, the client, the architectural project team, main consultants, and contractors. With CD-ROM.</subfield>
  </datafield>
  <datafield tag="650" ind1=" " ind2=" ">
    <subfield code="a">Architecture, Domestic</subfield>
    <subfield code="9">5612</subfield>
  </datafield>
  <datafield tag="650" ind1=" " ind2=" ">
    <subfield code="a">Architecture</subfield>
    <subfield code="x">Details</subfield>
    <subfield code="9">5613</subfield>
  </datafield>
  <datafield tag="650" ind1=" " ind2=" ">
    <subfield code="a">Residential architecture </subfield>
    <subfield code="9">5618</subfield>
  </datafield>
  <datafield tag="942" ind1=" " ind2=" ">
    <subfield code="2">ddc</subfield>
    <subfield code="c">BK</subfield>
  </datafield>
  <datafield tag="999" ind1=" " ind2=" ">
    <subfield code="c">353494</subfield>
    <subfield code="d">353494</subfield>
  </datafield>
  <datafield tag="952" ind1=" " ind2=" ">
    <subfield code="0">0</subfield>
    <subfield code="1">0</subfield>
    <subfield code="2">ddc</subfield>
    <subfield code="4">0</subfield>
    <subfield code="7">0</subfield>
    <subfield code="a">SADA</subfield>
    <subfield code="b">SADA</subfield>
    <subfield code="d">2012-07-11</subfield>
    <subfield code="l">2</subfield>
    <subfield code="m">2</subfield>
    <subfield code="o">728.370222 MCL 2007</subfield>
    <subfield code="p">SADA0001693</subfield>
    <subfield code="r">2013-04-09</subfield>
    <subfield code="s">2013-03-28</subfield>
    <subfield code="v">3413.00</subfield>
    <subfield code="w">2012-07-13</subfield>
    <subfield code="y">BK</subfield>
  </datafield>
  <datafield tag="952" ind1=" " ind2=" ">
    <subfield code="0">0</subfield>
    <subfield code="1">0</subfield>
    <subfield code="2">ddc</subfield>
    <subfield code="4">0</subfield>
    <subfield code="7">0</subfield>
    <subfield code="a">SADA</subfield>
    <subfield code="b">SADA</subfield>
    <subfield code="d">2015-05-06</subfield>
    <subfield code="l">0</subfield>
    <subfield code="o">CD 728.370222 MCL 2007</subfield>
    <subfield code="p">SADA0002465</subfield>
    <subfield code="r">2017-01-05</subfield>
    <subfield code="t">01</subfield>
    <subfield code="w">2017-01-05</subfield>
    <subfield code="y">CDS</subfield>
  </datafield>
</record>
